|
|
|
|
| LEADER |
00882nam a2200229 i 4500 |
| 001 |
c000244212 |
| 003 |
CARM |
| 005 |
00000000000000.0 |
| 008 |
840311s1966 nyu 0 eng d |
| 019 |
1 |
|
|a 6370732
|z 27881008
|5 LACONCORD2021
|
| 035 |
|
|
|a (OCoLC)1330958
|5 LACONCORD2021
|
| 082 |
0 |
4 |
|a 320.973
|
| 100 |
1 |
|
|a Lens, Sidney.
|
| 245 |
1 |
0 |
|a Radicalism in America /
|c Illus. supplied by Kean Archives, Philadelphia.
|
| 260 |
|
|
|a New York :
|b Crowell,
|c [1966].
|
| 300 |
|
|
|a 372 p. :
|b illus., facsims., ports. 24 cm.
|
| 650 |
|
0 |
|a Right and left (Political science)
|
| 650 |
|
0 |
|a Dissenters.
|
| 651 |
|
0 |
|a United States
|x Politics and government.
|
| 852 |
8 |
|
|b CARM
|h A2:AQ34G0
|i C08590
|p 0333309
|f BK
|
| 999 |
f |
f |
|i 35fd8eb2-9c5e-5f31-8472-e6819baea79c
|s 5036a22c-88e3-5b25-9d5d-e212bc8b3d30
|
| 952 |
f |
f |
|p Can circulate
|a CAVAL
|b CAVAL
|c CAVAL
|d CARM 1 Store
|e C08590
|f A2:AQ34G0
|h Other scheme
|i book
|m 0333309
|